|
|
|
|
| LEADER |
00000nab a2200000 a 4500 |
| 001 |
vtls000673825 |
| 003 |
SK-MaSNL |
| 005 |
20260304090557.0 |
| 008 |
250425c1998 xo 0 slo |
| 015 |
|
|
|a SNBRB1998/09-25162
|
| 035 |
|
|
|a CLN000026001
|
| 035 |
|
|
|a urn:nbn:sk:snk-ab7hik
|
| 035 |
|
|
|a (urnnbn)urn:nbn:sk:snk:ar-005stw
|
| 035 |
|
|
|a (uuid)7b51ec4d-b00e-4c87-a378-4bb0bd1f8131
|
| 040 |
|
|
|a SNKBUCL
|b slo
|c SNKBUCL
|e AACR2
|
| 041 |
0 |
|
|a slo
|
| 044 |
|
|
|a xo
|c SK
|
| 080 |
|
|
|a 930.25:05(420)
|2 1997
|
| 080 |
|
|
|a 05(420):930.25
|2 1997
|
| 100 |
1 |
|
|a Draškaba, Peter,
|d 1945-
|4 aut
|9 111744
|
| 245 |
1 |
0 |
|a Journal of the Society of Archivists ...
|c Peter Draškaba
|
| 630 |
0 |
7 |
|a Journal of the Society of archivists (časopis)
|y 1998
|x č. 1
|x prehľady bibliografické
|2 snkbucl
|9 1381865
|
| 655 |
|
7 |
|a články z novín a časopisov
|2 snkbucl
|9 267496
|
| 773 |
0 |
|
|t Slovenská archivistika
|g Roč. 33, č. 2 (1998), s. 178-180
|x 0231-6722
|
| 850 |
|
|
|a Slovenská národná knižnica
|
| 852 |
|
|
|a Slovenská národná knižnica
|
| 954 |
|
|
|a odborná, vedecká literatúra pôvodná (slovenská)
|2 lita
|
| 958 |
|
|
|a article7
|
| 958 |
|
|
|a OND
|
| 958 |
|
|
|a GB
|
| 958 |
|
|
|a EUIPO
|
| 992 |
|
|
|a RBX
|
| 999 |
|
|
|c 2811897
|d 2813827
|